LDR 01207naa#a2200193#i#450# 001 RU\\bibl\104027 005 20260515013254.5 011 ## _a1729-9187 100 ## _a20260330b2026####ek#y0rusy0150####ca 102 ## _aRU 200 1# _aБорьба с террористической идеологией в рамках обеспечения безопасности государства и общества _eЖурнальная статья 210 1# _aУфа _cУфимский юридический институт МВД России _d2026 215 ## _a8 с. 608 ## _aЖурнальная статья _2local 675 ## _aПредупреждение преступлений. Уголовная профилактика. Социальные меры предупреждения. Профилактика преступности несовершеннолетних. 343.85 _aПреступления против общественного порядка и безопасности. 343.34 _z 700 #1 _aКаримов _gРим Римович 700 #1 _aКАРИМОВА _gГУЗЕЛЬ ЮРИСОВНА 700 #1 _aАсеев _gИгорь Анатольевич 856 4# _aobshtestvo-uyi.editorum.ru _u